| 000 | 00644cam a2200205 a 4500 | ||
|---|---|---|---|
| 001 | 000002548 | ||
| 005 | 20200929150218.0 | ||
| 008 | 780629m19481947sp ch 000 0 spa | ||
| 010 | _a50056830 | ||
| 040 |
_aDO-SdBNP _bspa _cBNPHU |
||
| 100 | 1 |
_aMuñoz Seca, Pedro, _d1881-1936. _98012 |
|
| 245 | 1 | 0 |
_aObras completas : _bPedro Muñoz Seca / _cPedro Muñoz Seca; colaboración de Don Pedro Pérez Fernández. |
| 250 | _a2a. ed. | ||
| 260 |
_aMadrid : _bFax, _c1948. |
||
| 300 |
_av. ; _c17 cm. |
||
| 500 | _aLa biblioteca posee el tomo v. 2 | ||
| 650 | 4 |
_aTeatro español _93071 |
|
| 650 | 4 |
_aLiteratura española _9632 |
|
| 650 | 4 |
_aComedia _98013 |
|
| 999 |
_c2384 _d2384 |
||